000 00248nam a22001097a 4500
003 OSt
008 231115b |||||||| |||| 00| 0 eng d
041 _amal
100 _aLalithambika Antharjanam
_9246
245 _aTheranhedutha Kadhakal
942 _cBK
999 _c17957
_d17957